Programming microsofts clouds : (Record no. 195004)

MARC details
000 -LEADER
fixed length control field 00922nam a2200289Ia 4500
003 - CONTROL NUMBER IDENTIFIER
control field OSt
005 - DATE AND TIME OF LATEST TRANSACTION
control field 20220827111002.0
008 - FIXED-LENGTH DATA ELEMENTS--GENERAL INFORMATION
fixed length control field 210716s2013 xx 000 0 und d
020 ## - INTERNATIONAL STANDARD BOOK NUMBER
International Standard Book Number 9788126541683
040 ## - CATALOGING SOURCE
Transcribing agency AIMIT LIBRARY
041 ## - LANGUAGE CODE
Language code of text/sound track or separate title eng
082 ## - DEWEY DECIMAL CLASSIFICATION NUMBER
Classification number 005.448
Edition number 1
Item number RIZT
100 ## - MAIN ENTRY--PERSONAL NAME
Personal name Rizzo, Thomas.
9 (RLIN) 55753
245 ## - TITLE STATEMENT
Title Programming microsofts clouds :
Remainder of title windows azure and office 365 /
Statement of responsibility, etc. By Thomas Rizzo...[et. al.].
250 ## - EDITION STATEMENT
Edition statement 1st ed.
260 ## - PUBLICATION, DISTRIBUTION, ETC.
Place of publication, distribution, etc. New Delhi :
Name of publisher, distributor, etc. Wiley India Pvt Ltd ,
Date of publication, distribution, etc. 2013 .
300 ## - PHYSICAL DESCRIPTION
Extent xxx, 569p. ;
Other physical details PB
Dimensions 23.5 cm.
650 ## - SUBJECT ADDED ENTRY--TOPICAL TERM
Topical term or geographic name entry element Azure diagnosticsand debugging
9 (RLIN) 55754
650 ## - SUBJECT ADDED ENTRY--TOPICAL TERM
Topical term or geographic name entry element Leveraging blob storage
9 (RLIN) 55755
700 ## - ADDED ENTRY--PERSONAL NAME
Personal name Rais, Razi Bin.
9 (RLIN) 55756
700 ## - ADDED ENTRY--PERSONAL NAME
Personal name Otegem, Michiel Van.
9 (RLIN) 55757
700 ## - ADDED ENTRY--PERSONAL NAME
Personal name Bishop, Darrin.
9 (RLIN) 55758
700 ## - ADDED ENTRY--PERSONAL NAME
Personal name Durzi, George.
9 (RLIN) 55759
700 ## - ADDED ENTRY--PERSONAL NAME
Personal name Tejada, Zoiner.
9 (RLIN) 55760
700 ## - ADDED ENTRY--PERSONAL NAME
Personal name Mann, David.
9 (RLIN) 55761
942 ## - ADDED ENTRY ELEMENTS (KOHA)
Source of classification or shelving scheme Dewey Decimal Classification
Koha item type Book
Edition 1st
Call number prefix 005.448 RIZT
Holdings
Withdrawn status Lost status Source of classification or shelving scheme Damaged status Not for loan Collection code Home library Current library Source of acquisition Cost, normal purchase price Inventory number Total Checkouts Full call number Barcode Date last seen Cost, replacement price Price effective from Koha item type
    Dewey Decimal Classification     MCA St Aloysius Institute of Management & Information Technology St Aloysius Institute of Management & Information Technology Knowledge World 599.00 Bill no:182; Bill dt:2016-01-13   005.448 RIZT MCA14512 05/23/2026 449.25 07/16/2021 Book